Manush gandh(मनुष गन्ध) (Record no. 114099)

MARC details
000 -LEADER
fixed length control field 00422 a2200157 4500
005 - DATE AND TIME OF LATEST TRANSACTION
control field 20250804104509.0
008 - FIXED-LENGTH DATA ELEMENTS--GENERAL INFORMATION
fixed length control field 250627b |||||||| |||| 00| 0 eng d
020 ## - INTERNATIONAL STANDARD BOOK NUMBER
International Standard Book Number 9789355181855
080 ## - UNIVERSAL DECIMAL CLASSIFICATION NUMBER
Universal Decimal Classification number FH
Item number SUR/M
100 ## - MAIN ENTRY--PERSONAL NAME
Personal name Suryabala
245 ## - TITLE STATEMENT
Title Manush gandh(मनुष गन्ध)
260 ## - PUBLICATION, DISTRIBUTION, ETC. (IMPRINT)
Name of publisher, distributor, etc Vani Prakashan
Place of publication, distribution, etc New Delhi.
Date of publication, distribution, etc 2022
300 ## - PHYSICAL DESCRIPTION
Extent 168p.
653 ## - INDEX TERM--UNCONTROLLED
Uncontrolled term Fiction-Short Stories Hindi Literature
942 ## - ADDED ENTRY ELEMENTS (KOHA)
item type Under processing
Holdings
Lost status Source of classification or shelving scheme Not for loan Home library Current library Date acquired Cost, normal purchase price Total Checkouts Full call number Barcode Date last seen Cost, replacement price Price effective from Koha item type
  Universal Decimal Classification   University Library University Library 13/01/2025 259.35   FH SUR/M 00096428 13/01/2025 399.00 13/01/2025 Books
University Library, CUSAT